| 000 | 00932nam a2200253 a 4500 | ||
|---|---|---|---|
| 001 | 55827 | ||
| 003 | BD-RjUL | ||
| 005 | 20211209080323.0 | ||
| 008 | 161122s1972 ii ||||| |||| 00| 0 ben d | ||
| 020 | _c: IRs 50.00 | ||
| 035 | _a(BD-RjUL)55951 | ||
| 040 |
_aBD-RjUL _bben _cBD-RjUL |
||
| 041 | _aben | ||
| 082 |
_223 _a398.2095492 _bBHB 1972 |
||
| 100 |
_aভট্রাচার্য, আশুতোষ _9123758 |
||
| 245 | 1 | 0 |
_aবাংলার লোক-সাহিত্য / _cআশুতোষ ভট্রাচার্য |
| 250 | _a১ম সং . | ||
| 260 |
_aকলিকাতা : _bদেজ পাবলিশিং, _c১৯৭২ |
||
| 300 |
_a খণ্ড ; _c২১ সেমি. |
||
| 505 | 0 | _aখণ্ড ৬, প্রবাদ -- | |
| 650 |
_aলোকসাহিত্য _9162203 _zবাংলাদেশ |
||
| 650 |
_aFolk Literature _9162204 _zBangladesh |
||
| 942 |
_2ddc _cBK |
||
| 999 |
_c55827 _d55827 |
||